000 00661nam a2200241Ia 4500
005 20250508164409.0
008 008 250505s9999 xx 000 0 hin d
020 _a81-7016-722-1
037 _aTextual
040 _aFEDL
_beng
_cFEDL
041 _ahin
_2eng
084 _a891.433, KAL
_qFEDL
100 _aKaliya Ravindra
_9394129
245 0 _aDus pratinidhi kahaniyan
250 _a2
260 _aNew Delhi, India
_bKitab Ghar Parkashan
_c2007
300 _a132p.
365 _aINR
_b125
490 _aDus pratinidhi kahaniyan
650 _aFiction - Hindi
_9778019
942 _cTEXL
_h891.433, KAL
999 _c1388935
_d1388935